Návrh honeypotu s prvkami inteligencie

Salvato in:
Dettagli Bibliografici
Autore principale: Malík, Michal (Autore)
Altri autori: Balogh, Štefan (Relatore della tesi)
Natura: Manoscritto Libro
Lingua:slovacco
Pubblicazione: 2018
Soggetti:
Accesso online:http://is.stuba.sk/zp/portal_zp.pl?podrobnosti=123341
Tags: Aggiungi Tag
Nessun Tag, puoi essere il primo ad aggiungerne!!

MARC

LEADER 00000ntm a22000003a 4500
001 stuzp66457
003 SK-STU
005 20181203144236.9
007 ta
008 150427s2015----xo-----f-mn---000-0-slo-d
040 |a STU  |b slo 
041 0 |a slo 
044 |a xo 
100 1 |a Malík, Michal  |u 035000  |4 aut  |U FEI Fakulta elektrotechniky a informatiky  |T FEI Ústav informatiky a matematiky  |X 80020  |U E050  |Y 816  |7 80020 
242 0 1 |a Design of a honeypot with elements of intelligence  |y eng 
245 1 0 |a Návrh honeypotu s prvkami inteligencie 
260 |c 2018 
300 |a 54 s., príl., CD-ROM 
650 4 |a classification  |2 eng 
650 4 |a dynamic analysis  |2 eng 
650 4 |a honeypot  |2 eng 
650 4 |a IoT  |2 eng 
650 4 |a telnet  |2 eng 
650 4 |a klasifikácia  |2 slo 
650 4 |a IoT  |2 slo 
650 4 |a dynamická analýza  |2 slo 
650 4 |a honeypot  |2 slo 
650 4 |a telnet  |2 slo 
700 1 |a Balogh, Štefan  |u 035000  |k Z1  |4 ths  |U FEI Fakulta elektrotechniky a informatiky  |T FEI Ústav informatiky a matematiky  |X 30190  |U E050  |Y 816  |7 A000030190 
856 4 |u http://is.stuba.sk/zp/portal_zp.pl?podrobnosti=123341 
996 |b 284ER02830  |c E*Bc- 2830  |l EE35  |s P  |a 0  |w stuzp66457_0001